Lilliput / (Record no. 5045)

MARC details
000 -LEADER
fixed length control field 00995nam a22002417a 4500
001 - CONTROL NUMBER
control field 5045
003 - CONTROL NUMBER IDENTIFIER
control field FISKH
005 - DATE AND TIME OF LATEST TRANSACTION
control field 20241101145521.0
008 - FIXED-LENGTH DATA ELEMENTS--GENERAL INFORMATION
fixed length control field 241101b cb ||||| |||| 00| 0 eng d
020 ## - INTERNATIONAL STANDARD BOOK NUMBER
International Standard Book Number 9781561458066
040 ## - CATALOGING SOURCE
Original cataloging agency FISKH
Language of cataloging eng
Transcribing agency FISKH
Modifying agency FISKH
050 ## - LIBRARY OF CONGRESS CALL NUMBER
Classification number PZ7.G2416
082 ## - DEWEY DECIMAL CLASSIFICATION NUMBER
Classification number 823.92
100 ## - MAIN ENTRY--PERSONAL NAME
Personal name Gayton, Sam
245 ## - TITLE STATEMENT
Title Lilliput /
Statement of responsibility, etc. by Sam Gayton : illustrated by Alice Ratterree
260 ## - PUBLICATION, DISTRIBUTION, ETC.
Place of publication, distribution, etc. Atlanta, Georgia :
Name of publisher, distributor, etc. Peachtree Publishers ;
Date of publication, distribution, etc. 2013.
300 ## - PHYSICAL DESCRIPTION
Extent 253 pages :
Other physical details illustrations ;
Dimensions 21 cm .
520 ## - SUMMARY, ETC.
Summary, etc. Three-inch-tall Lily has been trapped in a bird cage for half of her life while her giant captor, Gulliver, writes a book about his travels but she finally escapes and, aided by a clockmaker's apprentice and his friends, makes plans to leave London and return home to Lilliput. Inspired by Jonathan Swift's novel, Gulliver's Travels.
650 ## - SUBJECT ADDED ENTRY--TOPICAL TERM
Topical term or geographic name entry element fantasy
Form subdivision fiction
700 ## - ADDED ENTRY--PERSONAL NAME
Personal name Ratterree, Alice
Relator term illustrator
942 ## - ADDED ENTRY ELEMENTS (KOHA)
Source of classification or shelving scheme Dewey Decimal Classification
Koha item type Books
Suppress in OPAC No
Holdings
Withdrawn status Lost status Source of classification or shelving scheme Damaged status Not for loan Collection Home library Current library Shelving location Date acquired Total Checkouts Full call number Barcode Date last seen Price effective from Koha item type
    Dewey Decimal Classification     Fiction Footprints International School Library Network Toul Kork Campus Footprints International School Library Network Toul Kork Campus TTP Secondary Fiction Bookshelves 11/01/2024   GAY 823.92 PZ7.G2416 FISSE01582 11/01/2024 11/01/2024 Books